[Event "Madrid 2019-2020 ch - Previa b"]
[Site "Madrid ESP"]
[Date "2020.02.08"]
[Round "3.9"]
[White "Viñas Blasco, Jorge"]
[Black "Estevez Sacristan, Deva"]
[Result "1-0"]
[WhiteElo "1596"]
[BlackElo "1885"]
[PlyCount "97"]
[EventDate "2020.02.06"]
[EventType "swiss"]
[EventRounds "9"]
[EventCountry "ESP"]
[SourceTitle "Ajedrez en Madrid"]
[Source "lmi"]
[SourceDate "2020.02.06"]
[SourceVersion "1"]
[SourceVersionDate "2020.03.02"]
[SourceQuality "1"]

1. Nf3 f5 2. c4 Nf6 3. b3 g6 4. Bb2 Bg7 5. g3 O-O 6. Bg2 d6 7. d4 c6 8. Nc3 Qc7
9. O-O e5 10. d5 e4 11. Nd4 c5 12. Ndb5 Qe7 13. a4 a6 14. Na3 Nbd7 15. f4 Ng4
16. Nc2 Bd4+ 17. Nxd4 Ne3 18. Qd2 Nxf1 19. Rxf1 cxd4 20. Qxd4 Qf6 21. Qd2 Qd8
22. Qd4 Qb6 23. Qxb6 Nxb6 24. a5 Nd7 25. Na4 Kf7 26. e3 Ke7 27. Bd4 Rg8 28. Bh3
h5 29. Kf2 Nf6 30. Nb6 Rb8 31. b4 g5 32. Rc1 g4 33. Bf1 Nd7 34. Na4 Rg6 35. c5
Rh6 36. c6 bxc6 37. dxc6 Nf8 38. Nb6 Ne6 39. c7 Nxc7 40. Rxc7+ Kd8 41. Rxc8+
Rxc8 42. Nxc8 Kxc8 43. Bxa6+ Kb8 44. b5 h4 45. Kg2 hxg3 46. hxg3 Rh7 47. b6 Rf7
48. Bc4 Rf8 49. a6 1-0

[Event "Madrid 2019-2020 ch - Previa b"]
[Site "Madrid ESP"]
[Date "2020.02.08"]
[Round "3.10"]
[White "Cujba, Anca-Claudia"]
[Black "Lopez Ziegler, Carlos"]
[Result "1-0"]
[WhiteElo "1591"]
[BlackElo "1877"]
[PlyCount "83"]
[EventDate "2020.02.06"]
[EventType "swiss"]
[EventRounds "9"]
[EventCountry "ESP"]
[SourceTitle "Ajedrez en Madrid"]
[Source "lmi"]
[SourceDate "2020.02.06"]
[SourceVersion "1"]
[SourceVersionDate "2020.03.02"]
[SourceQuality "1"]

1. d4 c5 2. e4 cxd4 3. Qxd4 Nc6 4. Qd1 Nf6 5. Nd2 d5 6. exd5 Nxd5 7. Bb5 Bf5 8.
Ngf3 Ndb4 9. Ba4 Qa5 10. Bb3 Rd8 11. O-O Qc5 12. Ng5 e6 13. Qf3 Be7 14. Nde4
Qa5 15. Be3 O-O 16. Rad1 Ne5 17. Qe2 h6 18. Rxd8 Rxd8 19. Nxf7 Nxf7 20. Ng3 Bf6
21. Qh5 g6 22. Qf3 Ne5 23. Qxb7 Rd7 24. Qb8+ Qd8 25. Qxb4 Kg7 26. Nxf5+ exf5
27. h3 g5 28. Be6 Rd1 29. Bxf5 Rxf1+ 30. Kxf1 Qd1+ 31. Qe1 Qd5 32. b3 Nf3 33.
gxf3 Qxf5 34. Kg2 Qxc2 35. Qd2 Qf5 36. Bxa7 h5 37. Bd4 Kg6 38. Bxf6 Qxf6 39.
Qd3+ Kh6 40. a4 Qc6 41. Qe3 Qa6 42. h4 1-0

[Event "Madrid 2019-2020 ch - Previa b"]
[Site "Madrid ESP"]
[Date "2020.02.08"]
[Round "3.11"]
[White "Santamaria Baeza, Adolfo"]
[Black "Rodriguez Torres, Manuel"]
[Result "1-0"]
[WhiteElo "1857"]
[BlackElo "1595"]
[PlyCount "63"]
[EventDate "2020.02.06"]
[EventType "swiss"]
[EventRounds "9"]
[EventCountry "ESP"]
[SourceTitle "Ajedrez en Madrid"]
[Source "lmi"]
[SourceDate "2020.02.06"]
[SourceVersion "1"]
[SourceVersionDate "2020.03.02"]
[SourceQuality "1"]

1. e4 c5 2. Nf3 Nc6 3. Bc4 e6 4. O-O d6 5. c3 Nf6 6. Re1 Be7 7. d4 cxd4 8. cxd4
O-O 9. Nc3 a6 10. Bb3 Qc7 11. Qe2 Re8 12. Bg5 h6 13. Bh4 b5 14. Rac1 Qb6 15. d5
Na5 16. dxe6 fxe6 17. Bc2 Bb7 18. e5 Bxf3 19. Qxf3 dxe5 20. Rxe5 Nc4 21. Re2
Rad8 22. Bxf6 Bxf6 23. Bg6 Rf8 24. Qg4 Ne5 25. Qg3 Nxg6 26. Qxg6 Be5 27. h3 Rf6
28. Qg4 Rd4 29. Ne4 Rf4 30. Qg6 Rfxe4 31. Rxe4 Bf6 32. Rxd4 1-0

[Event "Madrid 2019-2020 ch - Previa b"]
[Site "Madrid ESP"]
[Date "2020.02.08"]
[Round "3.12"]
[White "Martin Garcia, Luis I"]
[Black "Martin Rodriguez, Jose Luis"]
[Result "1-0"]
[WhiteElo "1817"]
[BlackElo "1197"]
[PlyCount "73"]
[EventDate "2020.02.06"]
[EventType "swiss"]
[EventRounds "9"]
[EventCountry "ESP"]
[SourceTitle "Ajedrez en Madrid"]
[Source "lmi"]
[SourceDate "2020.02.06"]
[SourceVersion "1"]
[SourceVersionDate "2020.03.02"]
[SourceQuality "1"]

1. e4 e6 2. d4 d5 3. Nc3 Nf6 4. Bg5 Be7 5. e5 Nfd7 6. h4 c5 7. Bxe7 Qxe7 8. Nb5
O-O 9. Nc7 a6 10. Nxa8 b5 11. a4 cxd4 12. Qxd4 Nc6 13. Qe3 Qb4+ 14. Qc3 Qxc3+
15. bxc3 Bb7 16. axb5 axb5 17. Nc7 Ncxe5 18. Nxb5 Nc5 19. Nf3 Ng4 20. Nd2 Rd8
21. Be2 Nf6 22. O-O h6 23. Rfb1 Bc6 24. Nd4 Bb7 25. Ra5 Nfd7 26. N4b3 Nxb3 27.
Rxb3 Bc6 28. Bb5 Rc8 29. Bxc6 Rxc6 30. f4 f5 31. Nf3 Rc4 32. Ra8+ Kh7 33. Ne5
Nxe5 34. fxe5 Re4 35. Rbb8 Rxe5 36. h5 g6 37. Rb7# 1-0

[Event "Madrid 2019-2020 ch - Previa b"]
[Site "Madrid ESP"]
[Date "2020.02.08"]
[Round "3.13"]
[White "Sermukhamedov Minnullina, Adriana"]
[Black "Narvaez Parra, Vicente"]
[Result "0-1"]
[WhiteElo "1220"]
[BlackElo "1808"]
[PlyCount "70"]
[EventDate "2020.02.06"]
[EventType "swiss"]
[EventRounds "9"]
[EventCountry "ESP"]
[SourceTitle "Ajedrez en Madrid"]
[Source "lmi"]
[SourceDate "2020.02.06"]
[SourceVersion "1"]
[SourceVersionDate "2020.03.02"]
[SourceQuality "1"]

1. d4 Nf6 2. Bf4 g6 3. Nc3 d5 4. Qd2 c6 5. Bh6 Nbd7 6. Nf3 Qb6 7. Bxf8 Nxf8 8.
Rb1 Ne6 9. e3 O-O 10. h4 h5 11. Ne5 Kg7 12. Be2 c5 13. dxc5 Qxc5 14. Nd3 Qd6
15. g4 hxg4 16. f4 d4 17. exd4 Nxd4 18. Kf2 Bf5 19. Rbg1 Rh8 20. Ke1 b5 21. a3
a5 22. a4 bxa4 23. Nxa4 Nxe2 24. Kxe2 Be4 25. Rh2 Rh5 26. Nc3 Bf3+ 27. Kf1 Rd8
28. Qf2 Qa6 29. Qe3 e6 30. Rg3 a4 31. Qd2 a3 32. bxa3 Qxa3 33. Kf2 Rc8 34. Ne2
Ne4+ 35. Ke1 Nxd2 0-1

[Event "Madrid 2019-2020 ch - Previa b"]
[Site "Madrid ESP"]
[Date "2020.02.08"]
[Round "3.15"]
[White "Lopez Martinez, Antonio"]
[Black "Rojas Fernandez, Antonio"]
[Result "1/2-1/2"]
[WhiteElo "1563"]
[BlackElo "1409"]
[PlyCount "86"]
[EventDate "2020.02.06"]
[EventType "swiss"]
[EventRounds "9"]
[EventCountry "ESP"]
[SourceTitle "Ajedrez en Madrid"]
[Source "lmi"]
[SourceDate "2020.02.06"]
[SourceVersion "1"]
[SourceVersionDate "2020.03.02"]
[SourceQuality "1"]

1. e4 d5 2. exd5 Qxd5 3. Nc3 Qa5 4. d4 Nf6 5. Bd2 c6 6. Bc4 Qc7 7. h3 Bf5 8.
Nf3 e6 9. Qe2 Bd6 10. Bb3 Nbd7 11. g4 Bg6 12. Nh4 Bf4 13. Nxg6 hxg6 14. g5
Bxd2+ 15. Qxd2 Nh5 16. Qe3 Nf4 17. O-O-O O-O-O 18. Ne4 Rhe8 19. Kb1 Nd5 20. Qd2
N7b6 21. c4 Ne7 22. c5 Nbd5 23. Nd6+ Rxd6 24. cxd6 Qxd6 25. Bxd5 Qxd5 26. h4
Rh8 27. Rh3 Qf5+ 28. Qd3 Qg4 29. Rdh1 Nf5 30. f3 Qxd4 31. Qxd4 Nxd4 32. Kc1 c5
33. Kd2 Kc7 34. Ke3 Nf5+ 35. Kf4 Rd8 36. Re1 Rd2 37. h5 gxh5 38. Rxh5 Rxb2 39.
Ke5 Rd2 40. Rh8 Rd5+ 41. Ke4 Rd4+ 42. Ke5 Rd5+ 43. Ke4 Rd4+ 1/2-1/2

[Event "Madrid 2019-2020 ch - Previa b"]
[Site "Madrid ESP"]
[Date "2020.02.08"]
[Round "3.16"]
[White "Palacios Sanchez, Victor"]
[Black "Martin Hernandez, Vicente"]
[Result "1-0"]
[WhiteElo "1652"]
[BlackElo "1864"]
[PlyCount "133"]
[EventDate "2020.02.06"]
[EventType "swiss"]
[EventRounds "9"]
[EventCountry "ESP"]
[SourceTitle "Ajedrez en Madrid"]
[Source "lmi"]
[SourceDate "2020.02.06"]
[SourceVersion "1"]
[SourceVersionDate "2020.03.02"]
[SourceQuality "1"]

1. c4 Nf6 2. g3 e6 3. Bg2 d5 4. d4 Be7 5. Nf3 Nbd7 6. O-O O-O 7. Bg5 c6 8. Nbd2
h6 9. Bf4 Re8 10. Qc2 Bf8 11. Rfd1 g6 12. Rac1 Bg7 13. e4 dxe4 14. Nxe4 Nxe4
15. Qxe4 Qb6 16. Rd2 a5 17. Qe3 Kh7 18. Ne5 Nxe5 19. Bxe5 Qd8 20. Bxg7 Kxg7 21.
d5 exd5 22. Qd4+ Qf6 23. cxd5 cxd5 24. Qxd5 Be6 25. Qxb7 Rab8 26. Qf3 Qg5 27.
Qc3+ Kh7 28. h4 Qb5 29. Bc6 Rec8 30. Bxb5 Rxc3 31. Rxc3 Rxb5 32. a3 a4 33. f3
Bb3 34. Kf2 Kg7 35. Rc6 h5 36. g4 Bd5 37. Rd6 Bb3 38. g5 Rf5 39. R2d4 Rc5 40.
Ke3 Rc2 41. Rd2 Rc4 42. f4 Rc5 43. R6d4 Rc1 44. Kf2 Rc5 45. Rd8 Rc4 46. Kg3 Re4
47. Rb8 Re7 48. Kf3 Rc7 49. Rd3 Be6 50. Rdd8 f6 51. Rd6 Bg4+ 52. Ke3 fxg5 53.
fxg5 Bf5 54. Rdb6 Re7+ 55. Kf2 Be4 56. Rb4 Bc2 57. R8b7 Kf7 58. Rxe7+ Kxe7 59.
Rb6 Kd7 60. Ke3 Kc7 61. Rf6 Kd7 62. Kd4 Ke7 63. Kc3 Bf5 64. Kb4 Bc2 65. Kc3 Bf5
66. b4 axb3 67. Kxb3 1-0

[Event "Madrid 2019-2020 ch - Previa b"]
[Site "Madrid ESP"]
[Date "2020.02.08"]
[Round "3.17"]
[White "Canseco Arenas, Alfonso"]
[Black "Rodriguez Avila, Alvaro"]
[Result "0-1"]
[WhiteElo "1604"]
[BlackElo "1807"]
[PlyCount "94"]
[EventDate "2020.02.06"]
[EventType "swiss"]
[EventRounds "9"]
[EventCountry "ESP"]
[SourceTitle "Ajedrez en Madrid"]
[Source "lmi"]
[SourceDate "2020.02.06"]
[SourceVersion "1"]
[SourceVersionDate "2020.03.02"]
[SourceQuality "1"]

1. c4 e5 2. Nc3 Nf6 3. g3 Bc5 4. Bg2 c6 5. e3 O-O 6. Nge2 Re8 7. e4 d6 8. O-O
Bg4 9. d3 Nbd7 10. h3 Bxe2 11. Qxe2 Nf8 12. a3 a5 13. Rb1 Ne6 14. Bd2 Nd4 15.
Qd1 Ba7 16. Kh2 Nd7 17. Ne2 Nc5 18. Nxd4 exd4 19. Bf4 a4 20. h4 Ne6 21. Bd2 Bb6
22. Qf3 Ba5 23. Rbd1 Bxd2 24. Rxd2 Qa5 25. Rfd1 Qc5 26. Qe2 Ra5 27. Bh3 Qh5 28.
Bg4 Qh6 29. Bh3 Kf8 30. f3 g5 31. hxg5 Nxg5 32. Qg2 Nxh3 33. Qxh3 Rh5 34. Qxh5
Qxh5+ 35. Kg2 Re6 36. Rh1 Qg5 37. f4 Qg7 38. Kf3 Rh6 39. Rg1 Qg6 40. Rdg2 Qh5+
41. g4 Qh3+ 42. Rg3 Qh2 43. R1g2 Qh1 44. f5 Qd1+ 45. Kf4 Rh1 46. Rf3 Rf1 47.
Kg3 Qxf3+ 0-1

[Event "Madrid 2019-2020 ch - Previa b"]
[Site "Madrid ESP"]
[Date "2020.02.08"]
[Round "3.18"]
[White "Fariñas Lucas, Juan Antonio"]
[Black "Barragan Panal, Juan Jose"]
[Result "0-1"]
[WhiteElo "1448"]
[BlackElo "1661"]
[PlyCount "106"]
[EventDate "2020.02.06"]
[EventType "swiss"]
[EventRounds "9"]
[EventCountry "ESP"]
[SourceTitle "Ajedrez en Madrid"]
[Source "lmi"]
[SourceDate "2020.02.06"]
[SourceVersion "1"]
[SourceVersionDate "2020.03.02"]
[SourceQuality "1"]

1. e4 c6 2. d4 d5 3. Nc3 dxe4 4. Nxe4 Bf5 5. Ng3 Bg6 6. Nf3 Nd7 7. Bd3 Bxd3 8.
Qxd3 e6 9. O-O Ngf6 10. c4 Be7 11. b3 O-O 12. Bb2 Qc7 13. Rfe1 Rad8 14. Re2
Rfe8 15. Rae1 Bb4 16. Bc3 Qa5 17. Bxb4 Qxb4 18. Qd2 Qxd2 19. Rxd2 h6 20. a4 Kf8
21. Red1 Ke7 22. a5 b6 23. b4 bxa5 24. bxa5 Rb8 25. Ne5 Rec8 26. Nxd7 Nxd7 27.
d5 cxd5 28. cxd5 Nf6 29. d6+ Kd7 30. f3 Rc6 31. Ne4 Nxe4 32. fxe4 Rb5 33. Re1
Rxd6 34. Rxd6+ Kxd6 35. Rd1+ Ke7 36. Ra1 Re5 37. Rb1 Rxa5 38. Rb7+ Kf6 39. Kf2
a6 40. h4 Rb5 41. Ra7 a5 42. Kf3 h5 43. g4 hxg4+ 44. Kxg4 Kg6 45. Kf4 f6 46.
Kg4 f5+ 47. exf5+ exf5+ 48. Kg3 Rb3+ 49. Kf4 Rb4+ 50. Kg3 Ra4 51. h5+ Kh6 52.
Rf7 Kxh5 53. Rxg7 Rg4+ 0-1

[Event "Madrid 2019-2020 ch - Previa b"]
[Site "Madrid ESP"]
[Date "2020.02.14"]
[Round "4.2"]
[White "Moreno Torrero, Javier"]
[Black "Ocaña Lameiro, Oliver"]
[Result "1-0"]
[WhiteElo "1918"]
[BlackElo "1992"]
[PlyCount "105"]
[EventDate "2020.02.06"]
[EventType "swiss"]
[EventRounds "9"]
[EventCountry "ESP"]
[SourceTitle "Ajedrez en Madrid"]
[Source "lmi"]
[SourceDate "2020.02.06"]
[SourceVersion "1"]
[SourceVersionDate "2020.03.02"]
[SourceQuality "1"]

1. e4 c5 2. Nf3 e6 3. d4 cxd4 4. Nxd4 Nf6 5. Nc3 Nc6 6. Ndb5 d6 7. Bf4 e5 8.
Bg5 a6 9. Na3 b5 10. Nd5 Qa5+ 11. Bd2 Qd8 12. Bd3 Nxd5 13. exd5 Na5 14. b4 Nb7
15. O-O Be7 16. Qh5 g6 17. Qh6 Bf8 18. Qe3 Bg7 19. c4 bxc4 20. Nxc4 f5 21. Rac1
f4 22. Qb6 O-O 23. Qxd8 Rxd8 24. Nb6 Rb8 25. Bxa6 Bf5 26. Rc7 Nc5 27. bxc5 dxc5
28. Bb7 Bf8 29. Nc4 Bd3 30. Na5 Bxf1 31. Kxf1 Bd6 32. Rc6 Rd7 33. Rc8+ Rxc8 34.
Bxc8 Ra7 35. a3 Kf8 36. Nc4 Ke7 37. Ba5 e4 38. g3 Ra8 39. Be6 f3 40. Ke1 Rb8
41. Kd2 Rb3 42. Bc3 Bc7 43. Kc2 Rb8 44. Nd2 Ra8 45. Nxe4 Rxa3 46. Bf6+ Ke8 47.
d6 Bxd6 48. Nxd6+ Kf8 49. Bb3 Ra6 50. Ne4 Ke8 51. Be5 Ra5 52. Bd6 Kd7 53. Bxc5
1-0

[Event "Madrid 2019-2020 ch - Previa b"]
[Site "Madrid ESP"]
[Date "2020.02.14"]
[Round "4.3"]
[White "Martin Arbeloa, Fernando"]
[Black "Marin Aso, Jose Luis"]
[Result "0-1"]
[WhiteElo "1991"]
[BlackElo "1906"]
[PlyCount "52"]
[EventDate "2020.02.06"]
[EventType "swiss"]
[EventRounds "9"]
[EventCountry "ESP"]
[SourceTitle "Ajedrez en Madrid"]
[Source "lmi"]
[SourceDate "2020.02.06"]
[SourceVersion "1"]
[SourceVersionDate "2020.03.02"]
[SourceQuality "1"]

1. d4 Nf6 2. c4 g6 3. Nc3 Bg7 4. e4 d6 5. Be2 O-O 6. Bg5 c5 7. d5 e6 8. Qd2
exd5 9. exd5 Qb6 10. Nf3 Bf5 11. O-O Ne4 12. Nxe4 Bxe4 13. Rae1 Qxb2 14. Be7
Re8 15. Bxd6 Na6 16. Bf4 Nb4 17. Qxb2 Bxb2 18. Nd2 Bc2 19. Bf3 Rxe1 20. Rxe1
Nd3 21. d6 Nxe1 22. Bxb7 Rd8 23. Ne4 Nd3 24. Bg5 f6 25. Bxf6 Bxf6 26. Nxf6+ Kg7
0-1

[Event "Madrid 2019-2020 ch - Previa b"]
[Site "Madrid ESP"]
[Date "2020.02.14"]
[Round "4.4"]
[White "Pajuelo Morales, Raul"]
[Black "Andrade Sandoval, Bianca"]
[Result "1/2-1/2"]
[WhiteElo "1836"]
[BlackElo "1966"]
[PlyCount "43"]
[EventDate "2020.02.06"]
[EventType "swiss"]
[EventRounds "9"]
[EventCountry "ESP"]
[SourceTitle "Ajedrez en Madrid"]
[Source "lmi"]
[SourceDate "2020.02.06"]
[SourceVersion "1"]
[SourceVersionDate "2020.03.02"]
[SourceQuality "1"]

1. c4 e6 2. g3 d5 3. Nf3 Nf6 4. Bg2 c6 5. d4 Be7 6. O-O O-O 7. Qc2 Nbd7 8. Nbd2
Re8 9. b3 Bd6 10. Bb2 e5 11. dxe5 Nxe5 12. cxd5 Nxd5 13. Nxe5 Bxe5 14. Bxe5
Rxe5 15. Nc4 Re8 16. Rad1 b5 17. e4 Bg4 18. Rd2 bxc4 19. exd5 cxb3 20. Qxb3 Rb8
21. Qa4 Be2 22. Rc1 1/2-1/2

[Event "Madrid 2019-2020 ch - Previa b"]
[Site "Madrid ESP"]
[Date "2020.02.14"]
[Round "4.5"]
[White "Martin Garcia, Luis I"]
[Black "Rojas Pozo, Jose Luis"]
[Result "1/2-1/2"]
[WhiteElo "1817"]
[BlackElo "1938"]
[PlyCount "184"]
[EventDate "2020.02.06"]
[EventType "swiss"]
[EventRounds "9"]
[EventCountry "ESP"]
[SourceTitle "Ajedrez en Madrid"]
[Source "lmi"]
[SourceDate "2020.02.06"]
[SourceVersion "1"]
[SourceVersionDate "2020.03.02"]
[SourceQuality "1"]

1. e4 e5 2. Nf3 Nc6 3. Bb5 a6 4. Ba4 Nf6 5. O-O b5 6. Bb3 Be7 7. Re1 d6 8. c3
O-O 9. h3 Na5 10. Bc2 c5 11. d4 Qc7 12. Bg5 Re8 13. d5 c4 14. Nbd2 Nb7 15. Nf1
Nc5 16. g4 Rb8 17. Ng3 b4 18. cxb4 Rxb4 19. Qc1 Qb7 20. Nh4 g6 21. Rb1 Nd3 22.
Bxd3 cxd3 23. Nf3 Bd7 24. Bd2 Rc8 25. Bc3 Qb5 26. Qd2 Rbc4 27. Qxd3 Rxe4 28.
Qxb5 Rxe1+ 29. Rxe1 Bxb5 30. Ne4 Nxd5 31. Nfd2 f5 32. gxf5 gxf5 33. Ng3 Bd7 34.
Bxe5 Bg5 35. Nf3 dxe5 36. Nxg5 e4 37. Rd1 Bc6 38. Nxf5 Rf8 39. Nh6+ Kh8 40.
Nxe4 Nf4 41. Ng5 Ne2+ 42. Kf1 Ng3+ 43. Ke1 Re8+ 44. Kd2 Re2+ 45. Kc3 Ne4+ 46.
Nxe4 Bxe4 47. Ng4 Bf5 48. Rd2 Re4 49. f3 Rf4 50. Rf2 h5 51. Ne5 Kg7 52. Kd2 Kf6
53. Ke3 Kxe5 54. Rg2 Rh4 55. Rg8 Rxh3 56. Ra8 Rh2 57. f4+ Kd5 58. Rxa6 Rh3+ 59.
Kf2 Kc4 60. b3+ Kc3 61. Ra5 Bg4 62. f5 Rf3+ 63. Kg2 Kd3 64. Rc5 Kd4 65. Rc4+
Kd5 66. Ra4 Ke5 67. Ra5+ Kf6 68. Rc5 Rd3 69. Rc2 Bxf5 70. Rb2 Bd7 71. b4 Bb5
72. Rf2+ Ke5 73. Kh2 Ke4 74. Rg2 Kd4 75. Rg5 Be8 76. b5 Rd2+ 77. Kg3 Rxa2 78.
b6 Rb2 79. Rg8 Bf7 80. Rg7 Bd5 81. Rh7 Rg2+ 82. Kh4 Bf3 83. Kh3 Rb2 84. b7 Rxb7
85. Rh8 Bg4+ 86. Kh4 Rf7 87. Rd8+ Ke4 88. Re8+ Kf5 89. Re1 Kg6 90. Re5 Rf3 91.
Rg5+ Kh6 92. Rxh5+ Bxh5 1/2-1/2

[Event "Madrid 2019-2020 ch - Previa b"]
[Site "Madrid ESP"]
[Date "2020.02.14"]
[Round "4.6"]
[White "Vukotic Jovsic, Dragan"]
[Black "Viñas Blasco, Jorge"]
[Result "1-0"]
[WhiteElo "1886"]
[BlackElo "1596"]
[PlyCount "41"]
[EventDate "2020.02.06"]
[EventType "swiss"]
[EventRounds "9"]
[EventCountry "ESP"]
[SourceTitle "Ajedrez en Madrid"]
[Source "lmi"]
[SourceDate "2020.02.06"]
[SourceVersion "1"]
[SourceVersionDate "2020.03.02"]
[SourceQuality "1"]

1. Nf3 Nf6 2. d4 e6 3. Bg5 c5 4. c3 b6 5. e3 Bb7 6. Nbd2 cxd4 7. cxd4 Be7 8.
Rc1 O-O 9. Bd3 Nc6 10. O-O d6 11. Re1 e5 12. Bb5 Nb8 13. dxe5 dxe5 14. Nxe5 Qd5
15. Qf3 Qxb5 16. Qxb7 Qxe5 17. Bxf6 Qxf6 18. Qxa8 Qxb2 19. Nf3 a5 20. Qb7 Bc5
21. Rxc5 1-0

[Event "Madrid 2019-2020 ch - Previa b"]
[Site "Madrid ESP"]
[Date "2020.02.14"]
[Round "4.7"]
[White "Garcia Serrano, Jose Manuel"]
[Black "Cujba, Anca-Claudia"]
[Result "1/2-1/2"]
[WhiteElo "1863"]
[BlackElo "1591"]
[PlyCount "56"]
[EventDate "2020.02.06"]
[EventType "swiss"]
[EventRounds "9"]
[EventCountry "ESP"]
[SourceTitle "Ajedrez en Madrid"]
[Source "lmi"]
[SourceDate "2020.02.06"]
[SourceVersion "1"]
[SourceVersionDate "2020.03.02"]
[SourceQuality "1"]

1. e4 c5 2. d4 cxd4 3. c3 dxc3 4. Nxc3 Nc6 5. Nf3 e6 6. Bc4 a6 7. O-O Qc7 8.
Re1 Bd6 9. Be3 Ne5 10. Bb3 Ne7 11. Rc1 N7c6 12. Nd5 exd5 13. exd5 O-O 14. Ng5
Be7 15. dxc6 dxc6 16. Nxh7 Ng4 17. Nxf8 Qxh2+ 18. Kf1 Nxe3+ 19. Rxe3 Qh1+ 20.
Ke2 Bg4+ 21. Rf3 Bxf3+ 22. gxf3 Qxd1+ 23. Rxd1 Bxf8 24. Rd7 Re8+ 25. Kd3 Re7
26. Rd8 c5 27. Bd5 b5 28. b3 g6 1/2-1/2

[Event "Madrid 2019-2020 ch - Previa b"]
[Site "Madrid ESP"]
[Date "2020.02.14"]
[Round "4.8"]
[White "Narvaez Parra, Vicente"]
[Black "Santamaria Baeza, Adolfo"]
[Result "0-1"]
[WhiteElo "1808"]
[BlackElo "1857"]
[PlyCount "104"]
[EventDate "2020.02.06"]
[EventType "swiss"]
[EventRounds "9"]
[EventCountry "ESP"]
[SourceTitle "Ajedrez en Madrid"]
[Source "lmi"]
[SourceDate "2020.02.06"]
[SourceVersion "1"]
[SourceVersionDate "2020.03.02"]
[SourceQuality "1"]

1. d4 Nf6 2. c4 e6 3. Nf3 Bb4+ 4. Bd2 Qe7 5. g3 O-O 6. Bg2 Nc6 7. O-O Bxd2 8.
Nbxd2 d6 9. a3 a6 10. b4 e5 11. d5 Nd8 12. Qb3 a5 13. Rfc1 b6 14. e4 Nb7 15.
Qe3 h6 16. Nb3 Bd7 17. Nh4 a4 18. Nd2 Ng4 19. Qe2 Nf6 20. Nb1 Bg4 21. Qe3 Nh7
22. Nc3 Bd7 23. Nb5 Rfc8 24. Nf5 Qe8 25. g4 Kh8 26. h4 Bxf5 27. exf5 Qe7 28.
Qg3 Nf6 29. g5 Nh5 30. Qg4 Nf4 31. Be4 h5 32. Qd1 g6 33. fxg6 fxg6 34. Bxg6
Nxg6 35. Qxh5+ Qh7 36. Qxh7+ Kxh7 37. Rc3 Nf4 38. Kf1 c6 39. dxc6 Rxc6 40. Rd1
Rac8 41. Na7 Rxc4 42. Nxc8 Rxc3 43. Nxb6 Rxa3 44. Kg1 Kg6 45. Nc4 Rd3 46. Ra1
Rd4 47. Nb2 Rxb4 48. Nxa4 Nd5 49. Ra3 Rxh4 50. Nc3 Rg4+ 51. Kf1 Nxc3 52. Rxc3
Nc5 0-1

[Event "Madrid 2019-2020 ch - Previa b"]
[Site "Madrid ESP"]
[Date "2020.02.14"]
[Round "4.10"]
[White "Sanchez Hernandez, Alvaro"]
[Black "Lopez Martinez, Antonio"]
[Result "1-0"]
[WhiteElo "1772"]
[BlackElo "1563"]
[PlyCount "67"]
[EventDate "2020.02.06"]
[EventType "swiss"]
[EventRounds "9"]
[EventCountry "ESP"]
[SourceTitle "Ajedrez en Madrid"]
[Source "lmi"]
[SourceDate "2020.02.06"]
[SourceVersion "1"]
[SourceVersionDate "2020.03.02"]
[SourceQuality "1"]

1. d4 Nf6 2. c4 e6 3. g3 d5 4. Nf3 c6 5. Bg2 Bb4+ 6. Bd2 Qe7 7. Nc3 Nbd7 8. a3
Ba5 9. O-O Bc7 10. Qc2 Rb8 11. cxd5 exd5 12. Nb5 cxb5 13. Qxc7 Qd8 14. Qxd8+
Kxd8 15. Bf4 Ra8 16. Ne5 Ke7 17. Rac1 Ne8 18. Bxd5 f6 19. Nxd7 g5 20. Bxg5 Bxd7
21. Bf4 a5 22. Bxb7 Ra7 23. Bc8 Nd6 24. Bxd6+ Kxd6 25. Bxd7 Rxd7 26. Rfd1 Rb8
27. e3 b4 28. a4 b3 29. Rc5 Ra7 30. Rdc1 Rb4 31. R1c4 Rab7 32. Rxb4 Rxb4 33.
Rxa5 Rc4 34. Rb5 1-0

[Event "Madrid 2019-2020 ch - Previa b"]
[Site "Madrid ESP"]
[Date "2020.02.14"]
[Round "4.11"]
[White "Galarreta Santana, Javier"]
[Black "Mosteiro Montoro, Alvaro"]
[Result "1-0"]
[WhiteElo "1666"]
[BlackElo "1477"]
[PlyCount "61"]
[EventDate "2020.02.06"]
[EventType "swiss"]
[EventRounds "9"]
[EventCountry "ESP"]
[SourceTitle "Ajedrez en Madrid"]
[Source "lmi"]
[SourceDate "2020.02.06"]
[SourceVersion "1"]
[SourceVersionDate "2020.03.02"]
[SourceQuality "1"]

1. c4 c6 2. d4 d5 3. Nc3 Nf6 4. Nf3 h6 5. h3 e6 6. c5 Nbd7 7. Bf4 Be7 8. e3 O-O
9. Bd3 b6 10. b4 a5 11. a3 axb4 12. axb4 Rxa1 13. Qxa1 b5 14. Qa7 Ne8 15. O-O
g5 16. Be5 Bf6 17. Bh2 Bg7 18. Qa8 e5 19. dxe5 Qc7 20. e6 Ne5 21. exf7+ Kxf7
22. Nxe5+ Bxe5 23. Bxe5 Qxe5 24. Qxc8 Qxc3 25. Qd7+ Kf6 26. Qxc6+ Ke7 27. Qxb5
Qe5 28. Qb7+ Kd8 29. b5 d4 30. c6 Qd5 31. b6 1-0

[Event "Madrid 2019-2020 ch - Previa b"]
[Site "Madrid ESP"]
[Date "2020.02.14"]
[Round "4.12"]
[White "Estevez Sacristan, Deva"]
[Black "Palacios Sanchez, Victor"]
[Result "1-0"]
[WhiteElo "1885"]
[BlackElo "1652"]
[PlyCount "73"]
[EventDate "2020.02.06"]
[EventType "swiss"]
[EventRounds "9"]
[EventCountry "ESP"]
[SourceTitle "Ajedrez en Madrid"]
[Source "lmi"]
[SourceDate "2020.02.06"]
[SourceVersion "1"]
[SourceVersionDate "2020.03.02"]
[SourceQuality "1"]

1. e4 c5 2. Nf3 e6 3. d4 cxd4 4. Nxd4 Nc6 5. Nc3 Nf6 6. a3 Be7 7. f4 d6 8. Nf3
O-O 9. Bd3 a6 10. O-O Qb6+ 11. Kh1 e5 12. f5 Rd8 13. Bg5 Ng4 14. Nd5 Qa7 15.
Bxe7 Nxe7 16. Nxe7+ Kf8 17. Nxc8 Nf2+ 18. Rxf2 Qxf2 19. Nxd6 Rxd6 20. Qg1 Qxg1+
21. Kxg1 f6 22. Kf2 Rc8 23. Ke2 g5 24. Nd2 Rdc6 25. Rc1 Ke7 26. Nf1 Rb6 27. Rb1
Rbc6 28. Ne3 h5 29. g3 b5 30. b3 a5 31. c4 bxc4 32. bxc4 Rc5 33. Nd5+ Rxd5 34.
exd5 Rc5 35. Rb7+ Kd6 36. Rb6+ Ke7 37. Rc6 1-0